| 000 | 00881nam a2200289 i 4500 | ||
|---|---|---|---|
| 001 | 000017319 | ||
| 003 | DO-SdBNP | ||
| 005 | 20260321073640.0 | ||
| 008 | 100322s2002 dr r 000 0 spa d | ||
| 020 | _z9993476447 | ||
| 040 |
_aDO-SdBNP _bspa _cBNPHU _erda |
||
| 041 | _aspa | ||
| 082 | 4 |
_aRD863.44 _bB742o 2002 _222 |
|
| 100 | 1 |
_a Bosch, Juan, _d1909-2001 _eautor _4aut. _976555 |
|
| 245 | 1 | 3 |
_aEl oro y la paz : _bnovela / _cJuan Bosch. |
| 250 | _aVigesima primera | ||
| 264 | 1 |
_aSanto Domingo : _bEditora Alfa & Omega, _c2002. |
|
| 300 |
_a264 pƔginas ; _c21 cm. |
||
| 336 |
_atexto _btxt _2rdacontent |
||
| 337 |
_ardamedia _bn _2sin mediació |
||
| 338 |
_avolumen _bnc _2rdacarrier |
||
| 590 | _aInventariado, 2019/BT | ||
| 650 | 4 |
_aNovela dominicana _9223 |
|
| 650 |
_aLiteratura dominicana. _967 |
||
| 910 | _aValidado. Control de calidad. MFF | ||
| 942 |
_2ddc _cLBS1 |
||
| 999 |
_c16844 _d16844 |
||